00700nam a2200241 a 4500001001300000003000900013005001700022008004100039020000900080082001300089100001800102245003900120260005000159300000900209500003500218505001100253650002300264700001800287902000800305942000700313952012300320999001500443nice12345678IN_TiNIC20260116011633.0050524s1969 cama grp 000 0 eng  ac9400a190bBRI aBritton, Karl aPhilosophy and the Meaning of Life aCambridge bCambridge University Press c1969 a217p aincludes index and biblioraphy2 aIndex. aPhilosophy-Western1 aBritton, Karl bSRS cBK 001040708StackRoom-aHMIbHMId2008-07-28g94.00l1o190 BRIp09128r2016-08-30s2016-07-19v94.00w2005-05-24yBK c3039d3039